000 00576nam a2200169Ia 4500
008 090201s9999 xx 000 0 und d
010 _aKPL-50048
040 _bमराठी
041 _aमराठी
082 _a8263
_b50048
100 _aसंजय सोनवणी
245 _aखळबळत्या सागरकांठी
_cसंजय सोनवणी
260 _c2004
_bशांती पब्लिकेशन्स
300 _a180
_bमोठा
600 _aखळबळत्या सागरकांठी
942 _cBOOK
999 _c208879
_d208879